Základní celní předpisy pro turistiku i podnikatele

Na minha lista:
Detalhes bibliográficos
Formato: Livro
Idioma:tcheco
Publicado em: Babice u Říčan Variant 1991
Edição:1. vyd.
Assuntos:
Tags: Adicionar Tag
Sem tags, seja o primeiro a adicionar uma tag!

MARC

LEADER 00000nam a2200000 4500
001 c000943
005 20221214095341.4
020 |a 80-900969-0-5 
041 0 |a cze 
044 |a CZ 
245 1 0 |a Základní celní předpisy pro turistiku i podnikatele 
250 |a 1. vyd. 
264 1 |a Babice u Říčan  |b Variant  |c 1991 
300 |a 61 s. 
610 2 0 |a clá 
610 2 0 |a predpisy právne 
610 2 0 |a obchod zahraničný 
610 2 0 |a podnikanie 
610 2 0 |a vyhlášky 
610 2 0 |a ČSFR 
610 2 0 |a 1991 
610 2 0 |a číselníky